Central Library OPAC University of Rajshahi

Logics and languages / (Record no. 30319)

MARC details
000 -LEADER
fixed length control field 00808cam a2200289 4500
001 - CONTROL NUMBER
control field 30319
003 - CONTROL NUMBER IDENTIFIER
rucl marc code BD-RjUL
005 - DATE AND TIME OF LATEST TRANSACTION
control field 20211209051539.0
008 - FIXED-LENGTH DATA ELEMENTS--GENERAL INFORMATION
fixed length control field 140409s1973 enk b 001 0 eng
020 ## - INTERNATIONAL STANDARD BOOK NUMBER
International Standard Book Number 0416769500
035 ## - SYSTEM CONTROL NUMBER
System control number (BD-RjUL)30404
040 ## - CATALOGING SOURCE
Original cataloging agency DLC
Transcribing agency DLC
Modifying agency DLC
Language of cataloging eng
041 ## - LANGUAGE CODE
Language code of text/sound track or separate title eng
082 00 - DEWEY DECIMAL CLASSIFICATION NUMBER
Classification number 410.1
Author mark and year CRL 1973
100 1# - MAIN ENTRY--PERSONAL NAME
Personal name Cresswell, M. J.
9 (RLIN) 5105
245 10 - TITLE STATEMENT
Title Logics and languages /
Statement of responsibility, etc. M. J. Cresswell.
260 ## - PUBLICATION, DISTRIBUTION, ETC. (IMPRINT)
Place of publication, distribution, etc. London :
Name of publisher, distributor, etc. Methuen [Distributed in the U.S.A. by Harper & Row,
Date of publication, distribution, etc. 1973
300 ## - PHYSICAL DESCRIPTION
Pagination xi, 273 p. ;
Size 23 cm.
350 ## - PRICE (NR) (BK AM CF MU VM SE) [OBSOLETE]
Price £4.90
504 ## - BIBLIOGRAPHY, ETC. NOTE
Bibliography, etc Includes index
650 #0 - SUBJECT ADDED ENTRY--TOPICAL TERM
Topical term or geographic name as entry element Language and languages
General subdivision Philosophy.
9 (RLIN) 92165
Topical term or geographic name as entry element Semantics.
9 (RLIN) 92166
Topical term or geographic name as entry element Semantics (Philosophy)
9 (RLIN) 92167
942 ## - ADDED ENTRY ELEMENTS (KOHA)
Source of classification or shelving scheme Dewey Decimal Classification
Koha item type Books
Holdings
Lost status Source of classification or shelving scheme Damaged status Not for loan Collection code Permanent Location Current Location Shelving location Date acquired Source of acquisition Cost, normal purchase price Total Checkouts Full call number Date last seen Copy number Koha item type
  Dewey Decimal Classification     Non-fiction Central Library, University of Rajshahi Central Library, University of Rajshahi   05/01/1977 L. C 9.00   410.1 CRL 1973 09/04/2014 C-5 Books
  Dewey Decimal Classification     Non-fiction Central Library, University of Rajshahi Central Library, University of Rajshahi   05/01/1977 L. C 9.00   410.1 CRL 1973 09/04/2014 C-4 Books
  Dewey Decimal Classification     Non-fiction Central Library, University of Rajshahi Central Library, University of Rajshahi   05/06/1975 Gonathan Wren & Co. 4.90   410.1 CRL 1973 13/04/2014 C-3 Books
  Dewey Decimal Classification   Not For Loan Non-fiction Central Library, University of Rajshahi Central Library, University of Rajshahi Reading Room 05/06/1975 Goratha and Co. 4.90   410.1 CRL 1973 01/12/2016 C-1 Books
  Dewey Decimal Classification     Non-fiction Central Library, University of Rajshahi Central Library, University of Rajshahi   05/06/1975 Jonathan & Co. 4.90   410.1 CRL 1973 11/10/2021 C-2 Books